000 00986nam a22002055i 4500
001 163431
003 ES-MaACL
005 20250929063238.0
008 050727s1881 fr | |||||||| ||fre d
080 _a877.4-31"18"
100 1 _aRhoides, Emmanouel,
_d1836-1904
_9172897
245 1 3 _aLa papesse Jeanne :
_broman historique précédé d'une étude historiqué, accompagné de nombreusses notes /
_cEmmanuel Rhoïdis.
250 _a7e. éd.
_brev. et augm. d'une étude critique par Barbey d'Aurevilly.
260 _aParis :
_bMaurice Dreyfous,
_c1881 (
_fImp. E. Capiomont et V. Renault)
300 _aXXVIII, XI, 347 p., [4] h. de lám. ;
_c19 cm.
599 _aLám.: retr. de la papisa Juana, heliografía: "Heliog. Dujardin" ; retr. del autor ; reprod. de textos griegos y de carta ms. del autor.
650 4 _aJuana, Papisa (Personaje de ficción)
_913965
852 _aES-MaACL
_jD-2661
_z- Enc. hol.
_z- Legado Modesto de la Fuente
999 _c163431
_d163431